Verrückte deutsche Ortsnamen - Sudden Death - Statistiken

Allgemein
  • Dieses Quiz wurde 814 mal gespielt
  • Das Durchschnittsergebnis liegt bei 3 aus 15
Answers on the Grid
Answers color-coded by a green-red scale on the quiz's grid according to % correct below.
Kotzen
Sommerloch
Oberhäslich
Unterhäslich
Kotzröhrenbach
Hanfgarten
Kuhfraß
Gammelsdorf
Essig
Eierlikör
Horst
Berndfickenstein
Oberluschen
Brustkissingsstadt
Opferbaum
Katzenelnbogen
Magendarmstadt
Faule Butter
Mäusefalle
Altweiberskaff
Knoblauch
Kohlrabi
Drei im Weggla
Grönland
Tierheim
Kothausen
Fette Henne
Kotsreihering
Blutegel
Biersaufen
 
Antwortstatistiken
Antwort % Korrekt
Kotzen
53%
Oberhäslich
37%
Horst
32%
Gammelsdorf
25%
Kothausen
25%
Sommerloch
25%
Essig
17%
Katzenelnbogen
17%
Grönland
15%
Fette Henne
13%
Hanfgarten
12%
Kuhfraß
10%
Opferbaum
10%
Knoblauch
9%
Faule Butter
5%
Keine übereinstimmenden Quizze gefunden
Verteilung der Resultate
Anzahl Personen mit jedem Resultat
Perzentil nach korrekt beantworteten Fragen
Ihre Resultats-Entwicklung
Sie haben dieses Quiz noch nicht gespielt